Rozšírenie vodovodnej siete pre obec Radošovce
Na minha lista:
| Autor principal: | |
|---|---|
| Outros Autores: | |
| Formato: | Manuscrito Livro |
| Idioma: | eslovaco |
| Publicado em: |
2016
|
| Assuntos: | |
| Acesso em linha: | http://is.stuba.sk/zp/portal_zp.pl?podrobnosti=117422 https://opac.crzp.sk/?fn=detailBiblioForm&sid=41728D440EB1EF6296101B8922FE |
| Tags: |
Sem tags, seja o primeiro a adicionar uma tag!
|
MARC
| LEADER | 00000ntm a22000003a 4500 | ||
|---|---|---|---|
| 001 | stuzp57399 | ||
| 003 | SK-STU | ||
| 005 | 20230825155526.5 | ||
| 007 | ta | ||
| 008 | 150427s2015----xo-----f-mn---000-0-slo-d | ||
| 040 | |a STU |b slo | ||
| 041 | 0 | |a slo | |
| 100 | 1 | |a Hlubocký, Miroslav |u 010280 |4 aut |U SvF Stavebná fakulta |T SvF Katedra zdravotného inžinierstva |X 9335 |U V280 |Y 29 |7 A000009335 | |
| 242 | 0 | 1 | |a Extension of water supply system for the village Radošovce |y eng |
| 245 | 1 | 0 | |a Rozšírenie vodovodnej siete pre obec Radošovce |
| 260 | |c 2016 | ||
| 650 | 4 | |a Vodovod |2 slo | |
| 650 | 4 | |a Rozšírenie |2 slo | |
| 650 | 4 | |a Radošovce |2 slo | |
| 650 | 4 | |a Radošovce |2 eng | |
| 650 | 4 | |a Extension |2 eng | |
| 650 | 4 | |a water supply system |2 eng | |
| 700 | 1 | |a Barloková, Danka |u 010280 |k Z1 |4 ths |U SvF Stavebná fakulta |T SvF Katedra zdravotného inžinierstva |X 1014 |U V280 |Y 29 |7 A000001014 | |
| 856 | 4 | |u http://is.stuba.sk/zp/portal_zp.pl?podrobnosti=117422 | |
| 856 | 4 | |u https://opac.crzp.sk/?fn=detailBiblioForm&sid=41728D440EB1EF6296101B8922FE | |
| SQL | |a stuzp57399 |b DDP |c SLO |d Rozšírenie vodovodnej siete pre obec Radošovce |e 9335 |f Hlubocký, Miroslav |g 010280 |h 1014 |i Barloková, Danka |j 20160616 |k 946 |l 01 |m http://is.stuba.sk/zp/portal_zp.pl?podrobnosti=117422 |n I-SNOU |o 5.1.6. vodné stavby | ||